| 000 | 00767cab a2200241 4500 | ||
|---|---|---|---|
| 001 | WB3144-07 | ||
| 008 | 090401t1995 xxu||||| |||| 00| 0 eng d | ||
| 035 | _a(Sirsi) u35128 | ||
| 041 | _aeng | ||
| 245 | _aFrench crackdown on killer asbestos | ||
| 260 | _c1995 | ||
| 350 | _a0 | ||
| 490 |
_aEuropean _v16-22 November 1995, 7(1) |
||
| 520 | _aThe French government is expected to issue a decree banning the use of asbestos and requiring its removal from public places by 1999. | ||
| 650 | _aMANAGEMENT-HEALTH AND SAFETY-HAZARDOUS SUBSTANCES-ASBESTOS | ||
| 650 | _aFRANCE | ||
| 650 |
_aHEALTH AND SAFETY _96244 |
||
| 650 | _aINSULATION | ||
| 650 | _aNEW BUILDINGS | ||
| 690 | _aBUILT ENVIRONMENT-BUILDING STANDARDS | ||
| 942 | _n0 | ||
| 948 | _c04/03/1997 | ||
| 999 |
_c23052 _d23052 |
||